[Event "World Youth U16 Olympiad"]
[Site "Gyor HUN"]
[Date "2014.12.19"]
[Round "8.10"]
[Board "4"]
[White "Sucikova, Svetlana"]
[Black "Abdusattorov, Nodirbek"]
[Result "1/2-1/2"]
[BlackTitle "FM"]
[WhiteElo "1985"]
[BlackElo "2186"]
[WhiteTeam "Slovakia 1"]
[BlackTeam "Uzbekistan"]
[WhiteFideId "14923653"]
[BlackFideId "14204118"]
[EventDate "2014.12.13"]
[EventType "team"]

1. c4 Nf6 2. Nf3 g6 3. Nc3 d5 4. cxd5 Nxd5 5. g3 Nb6 6. d4 Bg7 7. Bg2 O-O 8. O-O
Nc6 9. e3 Re8 10. a3 e5 11. dxe5 Nxe5 12. Nxe5 Bxe5 13. Qc2 c6 14. b3 Qe7 15.
Bb2 Bg7 16. Ne4 Bf5 17. Bxg7 Kxg7 18. Qb2+ f6 19. Nc3 Be6 20. Ne2 Bd5 21. Bxd5
Nxd5 22. Nc3 Qe5 23. Rac1 Rad8 24. Qc2 Nc7 25. Rfd1 Ne6 26. Rxd8 Rxd8 27. Rd1
Rd6 28. Kg2 Rxd1 29. Qxd1 Qc7 30. Ne4 Qe7 31. Qd3 Nc7 32. b4 Nd5 33. Nc5 b6 34.
Nb3 Qe5 35. Nd4 c5 36. bxc5 bxc5 37. Nc6 Qd6 38. Qb5 Nc7 39. Qa4 a6 40. Qe4 f5
41. Qe5+ Qxe5 42. Nxe5 Ne6 43. Kf3 Kf6 44. Nc4 Ng5+ 45. Ke2 Ke6 46. Nd2 Kd5 47.
Kd3 h5 48. f3 Kc6 49. a4 Nf7 50. Nc4 Kd5 51. Nb6+ Ke6 52. Nc4 g5 53. e4 h4 54.
exf5+ Kxf5 55. Ne3+ Ke6 56. Kc4 Kd6 57. Nf5+ Ke5 58. Ne3 Kd6 59. Nf5+ Ke6 60.
Ne3 hxg3 61. hxg3 Kd6 62. Nf5+ Kc6 63. f4 g4 64. a5 1/2-1/2

[Event "World Youth U16 Olympiad"]
[Site "Gyor HUN"]
[Date "2014.12.19"]
[Round "8.11"]
[Board "1"]
[White "Nikitenko, Mihail"]
[Black "Munkhbayar, Gijir"]
[Result "1/2-1/2"]
[BlackTitle "FM"]
[WhiteElo "2379"]
[BlackElo "1967"]
[WhiteTeam "Belarus"]
[BlackTeam "Mongolia"]
[WhiteFideId "13506862"]
[BlackFideId "4901584"]
[EventDate "2014.12.13"]
[EventType "team"]

1. e4 c5 2. Nf3 Nc6 3. d4 cxd4 4. Nxd4 g6 5. Nc3 Bg7 6. Be3 Nf6 7. Bc4 Qa5 8.
O-O O-O 9. Bb3 d6 10. h3 Bd7 11. f4 Nxd4 12. Bxd4 Bc6 13. e5 dxe5 14. fxe5 Ne4
15. Nxe4 Bxe4 16. Qe1 Qxe1 17. Raxe1 Bf5 18. Bc5 Rfe8 19. g4 Be6 20. Ba4 Rec8
21. Bxe7 Bxa2 22. c3 Bc4 23. Rf4 b5 24. Bc2 Re8 25. Bd6 Rad8 26. Kf2 Bh6 27. Rd4
Bg5 28. Kg3 f6 29. h4 fxe5 30. Bxe5 Be7 31. Red1 a5 32. h5 Rxd4 33. cxd4 gxh5
34. gxh5 Bg5 35. b3 Bd5 36. Ra1 Rc8 37. Bf5 Rc3+ 38. Kh2 Rf3 39. Bd7 Bf4+ 40.
Bxf4 Rxf4 41. Rxa5 Rxd4 42. Rxb5 Kf7 43. Bf5 Kf6 44. Bxh7 Rh4+ 45. Kg3 Rxh5 46.
Be4 Bf7 47. Rb7 Re5 48. Kf4 Re7 49. Rb6+ Re6 50. Rb8 Rd6 51. b4 Bd5 52. Bf5 Be6
53. Bc2 Ke7 54. Ke5 Rd5+ 55. Ke4 Rh5 56. Ba4 Rh4+ 57. Ke5 Rh5+ 58. Kd4 Rd5+ 59.
Ke4 Rd2 60. Re8+ Kf6 61. Ke3 Rb2 62. Rb8 Ke5 63. Rb5+ Bd5 64. Kd3 Rh2 65. Bc2
Rh3+ 66. Kd2 Kd4 67. Rc5 Bc4 1/2-1/2

[Event "World Youth U16 Olympiad"]
[Site "Gyor HUN"]
[Date "2014.12.19"]
[Round "8.11"]
[Board "2"]
[White "Agibileg, Uurtsaikh"]
[Black "Kazakovskiy, Valeriy"]
[Result "1/2-1/2"]
[WhiteElo "1957"]
[BlackElo "2378"]
[WhiteTeam "Mongolia"]
[BlackTeam "Belarus"]
[WhiteFideId "4901606"]
[BlackFideId "13507443"]
[EventDate "2014.12.13"]
[EventType "team"]

1. d4 Nf6 2. c4 e6 3. Nc3 Bb4 4. a3 Bxc3+ 5. bxc3 c5 6. e3 Nc6 7. Bd3 d6 8. Ne2
e5 9. O-O b6 10. d5 Na5 11. e4 Nd7 12. Ng3 g6 13. Be3 Ba6 14. Qe2 Qe7 15. a4 h5
16. Rfe1 O-O-O 17. Nf1 Rdf8 18. Nd2 f5 19. f3 f4 20. Bf2 g5 21. Reb1 Rfg8 22.
Kf1 g4 23. Ke1 g3 24. hxg3 fxg3 25. Bg1 h4 26. Nb3 h3 27. gxh3 Rxh3 28. Nxa5
bxa5 29. Qg2 Rgh8 30. Ra2 Rh2 31. Bxh2 Rxh2 32. Qxh2 gxh2 33. Rxh2 Kc7 34. Kd2
Nb6 35. Rbh1 Qg5+ 36. Kc2 Bxc4 37. Rh7+ Kb8 38. Rh8+ Kb7 39. R1h7+ Ka6 40. Bxc4+
Nxc4 41. Ra8 Qg2+ 42. Kb3 Nd2+ 43. Kb2 Nc4+ 44. Kb3 1/2-1/2

[Event "World Youth U16 Olympiad"]
[Site "Gyor HUN"]
[Date "2014.12.19"]
[Round "8.11"]
[Board "3"]
[White "Zarubitski, Viachaslau"]
[Black "Baterdene, Tsogbayar"]
[Result "1-0"]
[WhiteTitle "FM"]
[WhiteElo "2219"]
[BlackElo "1981"]
[WhiteTeam "Belarus"]
[BlackTeam "Mongolia"]
[WhiteFideId "13509373"]
[BlackFideId "4901592"]
[EventDate "2014.12.13"]
[EventType "team"]

1. Nf3 d5 2. b3 Nf6 3. Bb2 c6 4. e3 Bf5 5. Be2 h6 6. O-O e6 7. d4 Nbd7 8. Nbd2
Bd6 9. Ne5 Qc7 10. Ndf3 O-O 11. c4 Ne4 12. Nxd7 Qxd7 13. Ne5 Qc7 14. f3 Nf6 15.
Qc1 Rfc8 16. Qe1 Bxe5 17. dxe5 Nd7 18. g4 Bh7 19. Qg3 f6 20. exf6 Qxg3+ 21. hxg3
Nxf6 22. Kg2 a5 23. Rh1 Kf7 24. g5 Ng8 25. Rh4 Bg6 26. gxh6 Nxh6 27. e4 a4 28.
b4 b5 29. c5 Rd8 30. Kf2 Kg8 31. Ke3 e5 32. a3 Ra7 33. Rhh1 Rad7 34. Rad1 Nf7
35. exd5 Rxd5 36. Rxd5 Rxd5 37. Rd1 Rxd1 38. Bxd1 Bf5 39. g4 Be6 40. Ke4 Bd5+
41. Kf5 Bb3 42. Bxb3 axb3 43. Ke6 Ng5+ 44. Kxe5 Nxf3+ 45. Kd6 Nd2 46. Kxc6 Nc4
47. Kxb5 Nxb2 48. c6 Kh7 49. c7 Nc4 50. Kxc4 b2 51. c8=Q b1=Q 52. Qf5+ 1-0

[Event "World Youth U16 Olympiad"]
[Site "Gyor HUN"]
[Date "2014.12.19"]
[Round "8.11"]
[Board "4"]
[White "Uuriintuya, Uurtsaikh"]
[Black "Badelka, Olga"]
[Result "1-0"]
[WhiteElo "1875"]
[BlackElo "1996"]
[WhiteTeam "Mongolia"]
[BlackTeam "Belarus"]
[WhiteFideId "4900227"]
[BlackFideId "13509926"]
[EventDate "2014.12.13"]
[EventType "team"]

1. e4 c5 2. Nf3 Nc6 3. d4 cxd4 4. Nxd4 e5 5. Nb5 a6 6. Nd6+ Bxd6 7. Qxd6 Qe7 8.
Qd2 Nf6 9. Nc3 d6 10. Bd3 O-O 11. O-O Be6 12. Qg5 b5 13. Qg3 Nd4 14. Bg5 Kh8 15.
f4 h6 16. Bh4 Qa7 17. Kh1 Nh5 18. Qe1 Nxf4 19. Rxf4 exf4 20. Bf2 Qc5 21. Qg1 f3
22. gxf3 Nxf3 23. Bxc5 Nxg1 24. Bxg1 Rac8 25. a4 b4 26. Nd5 Bxd5 27. exd5 Rfe8
28. Bd4 Kg8 29. a5 Ra8 30. Kg2 g6 31. b3 f5 32. Ra4 Reb8 33. Bb6 Rb7 34. Rxb4
Kf7 35. Kf3 Ke7 36. Bd8+ 1-0

[Event "World Youth U16 Olympiad"]
[Site "Gyor HUN"]
[Date "2014.12.19"]
[Round "8.12"]
[Board "1"]
[White "Markoja, Boris"]
[Black "Bakalchuk, Johnatan"]
[Result "1/2-1/2"]
[WhiteTitle "FM"]
[BlackTitle "FM"]
[WhiteElo "2335"]
[BlackElo "2300"]
[WhiteTeam "Slovenia"]
[BlackTeam "Israel"]
[WhiteFideId "14608502"]
[BlackFideId "2810301"]
[EventDate "2014.12.13"]
[EventType "team"]

1. c4 Nf6 2. Nc3 g6 3. e4 d6 4. g3 c5 5. Bg2 Bg7 6. Nge2 Nc6 7. O-O O-O 8. d3
Ne8 9. Be3 Nd4 10. Qd2 Nc7 11. Bh6 e5 12. Bxg7 Kxg7 13. Nxd4 cxd4 14. Ne2 a5 15.
b3 Na6 16. f4 f6 17. h4 Qb6 18. Rf2 Qb4 19. Nc1 Nc5 20. a3 Qxd2 21. Rxd2 Bd7 22.
Rb1 b5 23. cxb5 Bxb5 24. b4 Na4 25. bxa5 Nc3 26. Rb3 Rxa5 27. Na2 Rc8 28. Nb4
Rca8 29. Nd5 Rxa3 30. Rdb2 Nxd5 31. Rxb5 Ne3 32. Rb7+ Kh6 33. Bf3 Rxd3 34. Rf7
exf4 1/2-1/2

[Event "World Youth U16 Olympiad"]
[Site "Gyor HUN"]
[Date "2014.12.19"]
[Round "8.12"]
[Board "2"]
[White "Zanan, Evgeny"]
[Black "Unuk, Laura"]
[Result "1/2-1/2"]
[WhiteTitle "FM"]
[BlackTitle "WIM"]
[WhiteElo "2300"]
[BlackElo "2249"]
[WhiteTeam "Israel"]
[BlackTeam "Slovenia"]
[WhiteFideId "24101940"]
[BlackFideId "14609215"]
[EventDate "2014.12.13"]
[EventType "team"]

1. d4 d5 2. c4 c6 3. Nc3 Nf6 4. e3 a6 5. Qc2 dxc4 6. Bxc4 b5 7. Bd3 Bb7 8. Nf3
Nbd7 9. a4 e6 10. O-O Rc8 11. Qe2 b4 12. Ne4 Nxe4 13. Bxe4 a5 14. Rd1 Be7 15. b3
Nf6 16. Bd3 Nd5 17. Bd2 O-O 18. Rac1 c5 19. e4 Nc3 20. Bxc3 bxc3 21. Ba6 Qb6 22.
Bxb7 Qxb7 23. Rxc3 cxd4 24. Rxc8 Rxc8 25. Nxd4 Rd8 26. Nb5 Rxd1+ 27. Qxd1 Qxe4
28. g3 g6 29. Nd6 Bxd6 30. Qxd6 Qe1+ 31. Kg2 Qe4+ 32. Kg1 Qe1+ 1/2-1/2

[Event "World Youth U16 Olympiad"]
[Site "Gyor HUN"]
[Date "2014.12.19"]
[Round "8.12"]
[Board "3"]
[White "Bratkovic, Jakob"]
[Black "Grinberg, Eyal"]
[Result "0-1"]
[WhiteElo "2158"]
[BlackElo "2121"]
[WhiteTeam "Slovenia"]
[BlackTeam "Israel"]
[WhiteFideId "14608634"]
[BlackFideId "2806070"]
[EventDate "2014.12.13"]
[EventType "team"]

1. e4 c5 2. Nf3 d6 3. d4 cxd4 4. Qxd4 Nc6 5. Bb5 Bd7 6. Bxc6 Bxc6 7. Nc3 Nf6 8.
Bg5 e6 9. O-O-O Be7 10. Qd3 O-O 11. Nd4 Rc8 12. f4 Qa5 13. f5 Rfe8 14. Bd2 exf5
15. Nxf5 Qe5 16. Nd5 Bxd5 17. Nxe7+ Rxe7 18. exd5 Qxd5 19. Qxd5 Nxd5 20. a3 Re2
21. Rhg1 f6 22. Rde1 Rce8 23. Rxe2 Rxe2 24. c4 Nb6 25. b3 d5 26. c5 Nd7 27. b4
Kf7 28. Kd1 Re4 29. Kc2 Ke6 30. Kb3 d4 31. Rc1 Kd5 32. Be1 Re3+ 33. Ka4 d3 34.
Bf2 Re2 35. Bg3 d2 36. Rd1 Kc4 37. Bf4 Re6 38. c6 Rxc6 39. b5 Nc5+ 40. Ka5 b6# 0-1

[Event "World Youth U16 Olympiad"]
[Site "Gyor HUN"]
[Date "2014.12.19"]
[Round "8.12"]
[Board "4"]
[White "Kali, Omer"]
[Black "Hrescak, Ivana"]
[Result "1/2-1/2"]
[WhiteElo "2055"]
[BlackElo "2039"]
[WhiteTeam "Israel"]
[BlackTeam "Slovenia"]
[WhiteFideId "2812436"]
[BlackFideId "14613441"]
[EventDate "2014.12.13"]
[EventType "team"]

1. e4 c5 2. Ne2 d6 3. g3 Nf6 4. Bg2 Nc6 5. c3 d5 6. exd5 Nxd5 7. d4 cxd4 8. Nxd4
Nxd4 9. Qxd4 Nb6 10. Qxd8+ Kxd8 11. b3 g6 12. O-O Bg7 13. Bf4 e5 14. Be3 Kc7 15.
Na3 a6 16. c4 Bf5 17. Rac1 Nd7 18. c5 Nf6 19. Bd2 Be4 20. Ba5+ Kc6 21. Rfd1 Bf8
22. Bd8 Bxg2 23. Bxf6 Bf3 24. Rd3 e4 25. Rd4 Bh6 26. Rc3 Rhe8 27. Nc2 Kc7 28.
Rd6 Bf8 29. Rd2 Bh6 30. Rd6 Bf8 31. Rd2 Bh6 32. Rd6 Bf8 1/2-1/2

[Event "World Youth U16 Olympiad"]
[Site "Gyor HUN"]
[Date "2014.12.19"]
[Round "8.13"]
[Board "1"]
[White "Szostko, Jakub"]
[Black "McGovern Leahy, Cian"]
[Result "1-0"]
[WhiteElo "2168"]
[BlackElo "1929"]
[WhiteTeam "Poland 2"]
[BlackTeam "Ireland"]
[WhiteFideId "1174282"]
[BlackFideId "2508753"]
[EventDate "2014.12.13"]
[EventType "team"]

1. e4 e5 2. Nf3 Nc6 3. Bb5 a6 4. Bxc6 dxc6 5. O-O Bg4 6. h3 h5 7. d3 Qf6 8. Nbd2
Ne7 9. Nc4 Bxf3 10. Qxf3 Qxf3 11. gxf3 Ng6 12. Rd1 O-O-O 13. Be3 Be7 14. Kf1 Bf6
15. Ke2 b6 16. c3 Rd7 17. a3 Rhd8 18. Rd2 Kb7 19. Rad1 a5 20. d4 a4 21. dxe5
Rxd2+ 22. Bxd2 Nxe5 23. Nxe5 Bxe5 24. Rg1 g6 25. f4 Bf6 26. e5 Bh4 27. Be3 Re8
28. Rd1 f6 29. exf6 Bxf6 30. Rg1 Rg8 31. f5 g5 32. f4 g4 33. hxg4 hxg4 34. Rh1
Rf8 35. Rg1 Be7 36. Rxg4 Rxf5 37. Kd3 Kc8 38. Ke4 Rb5 39. Rg2 Kd7 40. Bd4 Ke6
41. c4 Rh5 42. Rg6+ Kd7 43. Be5 Rh1 44. Rg7 Kd8 45. Kf5 Bd6 46. Ke6 Rh6+ 47.
Bf6+ Rxf6+ 48. Kxf6 Bxf4 49. Ke6 Kc8 50. c5 b5 51. Rg8+ Kb7 52. Kd7 Be3 53. Rc8
Bf4 54. Re8 Bc1 55. Re2 Bf4 56. Re6 Bg3 57. Rxc6 Bf4 58. Re6 Bc1 59. Rb6+ cxb6
60. c6+ Ka7 61. c7 Bxb2 62. c8=Q b4 63. Kc6 1-0

[Event "World Youth U16 Olympiad"]
[Site "Gyor HUN"]
[Date "2014.12.19"]
[Round "8.13"]
[Board "2"]
[White "Mirza, Diana"]
[Black "Kosakowski, Jakub"]
[Result "1/2-1/2"]
[WhiteTitle "WCM"]
[WhiteElo "1768"]
[BlackElo "2106"]
[WhiteTeam "Ireland"]
[BlackTeam "Poland 2"]
[WhiteFideId "2503999"]
[BlackFideId "1185080"]
[EventDate "2014.12.13"]
[EventType "team"]

1. d4 Nf6 2. Nf3 g6 3. Nbd2 d5 4. b4 Bg7 5. e3 O-O 6. c4 a5 7. b5 c5 8. bxc6
Nxc6 9. Bb2 Bf5 10. a3 e6 11. Be2 Ne4 12. O-O g5 13. Ne5 Nxe5 14. dxe5 Qc7 15.
Nxe4 dxe4 16. Qd4 Rfd8 17. Qc3 Rd7 18. Rfd1 Rad8 19. Rxd7 Rxd7 20. Rd1 Rxd1+ 21.
Bxd1 Bf8 22. h3 Bc5 23. Be2 h6 24. Qb3 Kh7 25. Bd4 Bg6 26. Bc3 b6 27. Bb2 h5 28.
Qd1 Kh6 29. g4 hxg4 30. hxg4 Kg7 31. Kg2 Kg8 32. Kg1 Bf8 33. Qd4 Bc5 34. Qd1 Qe7
35. Qb3 Qd8 36. Qd1 Qf8 37. Qb3 Qh6 38. Kg2 Qh4 39. Qd1 Qh6 40. Qd8+ Qf8 41.
Qxf8+ Kxf8 1/2-1/2

[Event "World Youth U16 Olympiad"]
[Site "Gyor HUN"]
[Date "2014.12.19"]
[Round "8.13"]
[Board "3"]
[White "Kowalski, Igor"]
[Black "Higgins, Michael"]
[Result "1-0"]
[WhiteElo "2087"]
[BlackElo "1559"]
[WhiteTeam "Poland 2"]
[BlackTeam "Ireland"]
[WhiteFideId "1172468"]
[BlackFideId "2507153"]
[EventDate "2014.12.13"]
[EventType "team"]

1. d4 Nf6 2. c4 g6 3. Nc3 Bg7 4. e4 d6 5. f3 O-O 6. Nge2 e5 7. d5 Ne8 8. Be3 f5
9. Qd2 f4 10. Bf2 b6 11. O-O-O Na6 12. Ng1 Bh6 13. Bd3 Nc5 14. Bc2 a5 15. Nge2
Bd7 16. Nb5 Bxb5 17. cxb5 Qd7 18. Nc3 Qf7 19. a3 Nf6 20. b4 axb4 21. axb4 Nb7
22. Kb2 Ra7 23. Ra1 Rfa8 24. Na4 Qe8 25. Qd3 Nd8 26. Bb3 Nf7 27. Rhc1 Qd8 28.
Rc6 Qe7 29. Qc2 Ne8 30. Qe2 Qg5 31. Be1 Qe7 32. Bd2 Qh4 33. Rcc1 Qd8 34. Rh1 Qf6
35. g4 Bg5 36. Be1 Bh4 37. Bf2 Bxf2 38. Qxf2 Qe7 39. h4 Nf6 40. Ra3 Qd7 41. Rha1
Qd8 42. Qc2 Qb8 43. g5 Nh5 44. Qc6 Qd8 45. Nxb6 Rxa3 46. Nxa8 Rxa1 47. Kxa1 Ng3
48. Nxc7 Ne2 49. Ne6 Qb8 50. b6 Nd4 51. Nxd4 exd4 52. b7 Qa7+ 53. Kb2 Kg7 54.
Qc7 d3 55. b8=Q Qf2+ 56. Ka3 d2 57. Qc3+ Ne5 58. Qb7+ 1-0

[Event "World Youth U16 Olympiad"]
[Site "Gyor HUN"]
[Date "2014.12.19"]
[Round "8.13"]
[Board "4"]
[White "Dwyer, Daniel"]
[Black "Dadello, Aleksandra"]
[Result "0-1"]
[WhiteElo "1777"]
[BlackElo "2009"]
[WhiteTeam "Ireland"]
[BlackTeam "Poland 2"]
[WhiteFideId "2507927"]
[BlackFideId "1177362"]
[EventDate "2014.12.13"]
[EventType "team"]

1. e4 e6 2. d4 d5 3. exd5 exd5 4. Bd3 Bd6 5. Nf3 Nc6 6. O-O Bg4 7. Re1+ Nge7 8.
c3 Qd7 9. Nbd2 O-O-O 10. b4 Rde8 11. Bb2 f6 12. a4 g5 13. Qb3 h5 14. a5 h4 15.
b5 Nd8 16. b6 a6 17. c4 Be6 18. c5 Bf4 19. g3 hxg3 20. fxg3 g4 21. gxf4 gxf3 22.
Nxf3 Reg8+ 23. Kh1 Bg4 24. Bf1 Nf5 25. Bg2 Qh7 26. Kg1 Bxf3 27. Qxf3 Qxh2+ 28.
Kf2 Rg3 29. Qxd5 Nh4 30. Rg1 Rhg8 31. bxc7 Rxg2+ 0-1

[Event "World Youth U16 Olympiad"]
[Site "Gyor HUN"]
[Date "2014.12.19"]
[Round "8.14"]
[Board "1"]
[White "Plenca, Jadranko"]
[Black "Holtman, Teodor"]
[Result "1-0"]
[WhiteTitle "FM"]
[WhiteElo "2313"]
[BlackElo "2058"]
[WhiteTeam "Croatia"]
[BlackTeam "Slovakia East"]
[WhiteFideId "14527146"]
[BlackFideId "14933721"]
[EventDate "2014.12.13"]
[EventType "team"]

1. e4 c5 2. Nf3 Nc6 3. Bb5 e6 4. O-O Nge7 5. c3 a6 6. Ba4 b5 7. Bc2 Bb7 8. a4
Ng6 9. axb5 axb5 10. Rxa8 Qxa8 11. d4 cxd4 12. Nxd4 Nxd4 13. Qxd4 e5 14. Qb6 Be7
15. Qxb5 Bxe4 16. Bxe4 Qxe4 17. Nd2 Qc6 18. Qxc6 dxc6 19. Nc4 O-O 20. Be3 f5 21.
Ra1 Rd8 22. Kf1 Rd7 23. Ke2 Kf7 24. Ra6 Rc7 25. b4 f4 26. Bb6 Rc8 27. Ba7 Ke8
28. Kd3 Kf8 29. Na5 c5 30. b5 c4+ 31. Ke2 Re8 32. b6 Bd6 33. b7 Bc7 34. Rc6 Bxa5
35. Rc8 1-0

[Event "World Youth U16 Olympiad"]
[Site "Gyor HUN"]
[Date "2014.12.19"]
[Round "8.14"]
[Board "2"]
[White "Kravec, Patrik"]
[Black "Tica, Sven"]
[Result "0-1"]
[WhiteElo "1976"]
[BlackElo "2236"]
[WhiteTeam "Slovakia East"]
[BlackTeam "Croatia"]
[WhiteFideId "14923505"]
[BlackFideId "14526948"]
[EventDate "2014.12.13"]
[EventType "team"]

1. e4 c5 2. Nf3 Nc6 3. Nc3 g6 4. d4 cxd4 5. Nxd4 Bg7 6. Nxc6 bxc6 7. Bc4 Qa5 8.
Bd2 Rb8 9. Bb3 Ba6 10. Nd5 Qd8 11. Bc3 Bxc3+ 12. Nxc3 c5 13. Qd5 c4 14. Bxc4
Bxc4 15. Qxc4 Rxb2 16. Nd5 Qa5+ 17. c3 e6 18. Qd4 exd5 19. Qxh8 Qb5 20. Qe5+ Kf8
21. exd5 Rb1+ 22. Rxb1 Qxb1+ 23. Ke2 Qxh1 24. Qd6+ Kg7 25. Qxd7 Nf6 26. Qxa7
Qxg2 27. Qd4 Qxh2 28. c4 Qc7 29. a4 h5 30. Kd3 g5 31. d6 Qc6 32. a5 Kg6 33. Qb6
Qf3+ 34. Kc2 h4 35. a6 h3 36. a7 h2 37. d7 h1=Q 38. d8=Q Qe2+ 39. Kc3 Qc1+ 40.
Kb4 Qexc4+ 0-1

[Event "World Youth U16 Olympiad"]
[Site "Gyor HUN"]
[Date "2014.12.19"]
[Round "8.14"]
[Board "3"]
[White "Livaic, Leon"]
[Black "Sepesi, Samuel"]
[Result "1-0"]
[WhiteElo "2193"]
[BlackElo "1925"]
[WhiteTeam "Croatia"]
[BlackTeam "Slovakia East"]
[WhiteFideId "14531534"]
[BlackFideId "14923084"]
[EventDate "2014.12.13"]
[EventType "team"]

1. d4 Nf6 2. c4 g6 3. Nc3 Bg7 4. e4 d6 5. f3 O-O 6. Bg5 c5 7. d5 e6 8. Qd2 Re8
9. Nge2 a6 10. a4 Qa5 11. Ra3 exd5 12. cxd5 Nbd7 13. Nc1 Ne5 14. Be2 Rb8 15. O-O
Qb4 16. Rb3 Qd4+ 17. Be3 Qxd2 18. Bxd2 Bd7 19. Rb6 Bf8 20. f4 Neg4 21. h3 Nh6
22. e5 dxe5 23. Rxf6 Nf5 24. Bg4 Bg7 25. Rb6 e4 26. N1e2 Bd4+ 27. Kh2 h5 28.
Bxf5 Bxf5 29. Bc1 e3 30. Re1 Kg7 31. Kg3 f6 32. Kf3 g5 33. g4 hxg4+ 34. hxg4 Bd3
35. Ng3 gxf4 36. Nh5+ Kf7 37. Nxf4 c4 38. Re6 f5 39. g5 Bxc3 40. bxc3 Be4+ 41.
Kg3 Rxe6 42. dxe6+ Ke7 43. Bxe3 1-0

[Event "World Youth U16 Olympiad"]
[Site "Gyor HUN"]
[Date "2014.12.19"]
[Round "8.14"]
[Board "4"]
[White "Nadzamova, Sofia"]
[Black "Ljikar, Tamara"]
[Result "1/2-1/2"]
[WhiteElo "1734"]
[BlackElo "1848"]
[WhiteTeam "Slovakia East"]
[BlackTeam "Croatia"]
[WhiteFideId "14928450"]
[BlackFideId "14530767"]
[EventDate "2014.12.13"]
[EventType "team"]

1. e4 c5 2. c3 Nf6 3. e5 Nd5 4. d4 cxd4 5. Nf3 Nc6 6. cxd4 d6 7. Bc4 Nb6 8. Bb5
dxe5 9. Nxe5 Bd7 10. Bxc6 Bxc6 11. Nxc6 bxc6 12. O-O e6 13. Be3 Be7 14. Nd2 O-O
15. Rc1 Rc8 16. Qe2 Nd5 17. Nc4 Bf6 18. Ne5 Qd6 19. Nf3 Rfd8 20. Rc5 Qb8 21.
Rfc1 Qb7 22. h3 h6 23. a3 Rc7 24. Qc2 Rdc8 25. Qd2 Qb3 26. Kf1 Rb7 27. R5c2 Qb5+
28. Kg1 a5 29. Qe1 a4 30. Qd2 Qa6 31. Qe1 Rb6 32. Qd2 Rb3 33. Rc4 Qb5 34. R4c2
Rb8 35. Rxc6 Rxb2 36. Qd1 Qb3 37. Rc8+ Rxc8 38. Rxc8+ Kh7 39. Qxb3 Rxb3 40. Bc1
Nc3 41. Nd2 Ne2+ 42. Kf1 Nxc1 43. Nxb3 Nxb3 44. Ra8 Bxd4 45. Rxa4 Bc5 46. Ra8
Kg6 47. a4 Kf6 48. a5 Ke7 49. a6 Nd4 50. Rc8 Bb6 51. a7 Bxa7 52. Rc7+ Kf6 53.
Rxa7 Nc6 54. Ra4 Ne5 55. Ke2 Ng6 1/2-1/2

[Event "World Youth U16 Olympiad"]
[Site "Gyor HUN"]
[Date "2014.12.19"]
[Round "8.15"]
[Board "2"]
[White "Horvath, Dominik"]
[Black "Doknjas, John"]
[Result "0-1"]
[BlackTitle "CM"]
[WhiteElo "2017"]
[BlackElo "2080"]
[WhiteTeam "Austria"]
[BlackTeam "Canada 2"]
[WhiteFideId "1642561"]
[BlackFideId "2608367"]
[EventDate "2014.12.13"]
[EventType "team"]

1. e4 c5 2. Nf3 d6 3. d4 cxd4 4. Nxd4 Nf6 5. Nc3 a6 6. h3 e6 7. g4 d5 8. exd5
Nxd5 9. Bg2 Nxc3 10. bxc3 Qc7 11. O-O Bd6 12. Qe1 O-O 13. Rb1 Nd7 14. f4 Nc5 15.
Ba3 Rb8 16. Qe3 Bd7 17. Nb3 Na4 18. Bxd6 Qxd6 19. Rbd1 Qc7 20. f5 exf5 21. gxf5
Rfe8 22. Qd4 Bb5 23. f6 Bxf1 24. Qg4 Qb6+ 25. Nd4 Qxf6 26. Rxf1 Qg6 27. Qf4 Nxc3
28. Kh1 Rbd8 29. Rf3 Ne2 30. Nxe2 Rxe2 31. Rg3 Qd6 32. Qg4 Re1+ 33. Kh2 g6 34.
Bxb7 Re3 35. Bf3 Qd2+ 36. Rg2 Qd4 37. Qg3 Qe5 38. Qxe5 Rxe5 39. c4 Rd4 40. Bd5
Rexd5 41. cxd5 Rxd5 42. Rb2 Ra5 43. Kg3 Ra4 44. Rc2 Kg7 45. Rb2 h6 46. Rc2 h5
47. h4 Rg4+ 48. Kh3 Rd4 49. Rc3 Rd6 50. a4 Rd4 51. a5 Rd5 52. Ra3 f6 53. Kg3 g5
54. hxg5 fxg5 55. Rb3 Rxa5 56. Rb7+ Kf6 57. Rb6+ Kf5 58. Rh6 h4+ 59. Kh2 Kg4 60.
Rg6 Ra2+ 61. Kg1 a5 62. Rb6 a4 0-1

[Event "World Youth U16 Olympiad"]
[Site "Gyor HUN"]
[Date "2014.12.19"]
[Round "8.15"]
[Board "3"]
[White "Doknjas, Joshua"]
[Black "Toelly, Michael"]
[Result "0-1"]
[WhiteElo "2005"]
[BlackElo "1925"]
[WhiteTeam "Canada 2"]
[BlackTeam "Austria"]
[WhiteFideId "2614316"]
[BlackFideId "1625330"]
[EventDate "2014.12.13"]
[EventType "team"]

1. e4 e5 2. Nf3 Nc6 3. Bc4 Bc5 4. c3 Nf6 5. d3 a6 6. Bb3 Ba7 7. O-O O-O 8. Re1
d5 9. exd5 Nxd5 10. Nxe5 Bxf2+ 11. Kxf2 Nxe5 12. Rxe5 Qf6+ 13. Qf3 Qxe5 14. d4
Qxh2 15. Bxd5 Qh4+ 16. g3 Qe7 17. Bf4 Re8 18. Nd2 c6 19. Be4 g6 20. Bd3 f6 21.
g4 g5 22. Bg3 Bxg4 23. Qe4 Qd7 24. Qg2 Kh8 25. Nc4 Qe6 26. Qh1 Bf5 27. Qf3 Bg4
28. Qh1 Bf5 29. Qf3 Bxd3 30. Qxd3 Rad8 31. Ne3 f5 32. Bc7 Rd7 33. Bb6 f4 34. Nc4
g4 35. Qf1 g3+ 36. Kg1 Qh6 37. Qf3 Qh2+ 38. Kf1 Rg7 39. Qg2 f3 40. Qxh2 gxh2 41.
Kf2 Rg2+ 42. Kxf3 Rg1 0-1

[Event "World Youth U16 Olympiad"]
[Site "Gyor HUN"]
[Date "2014.12.19"]
[Round "8.15"]
[Board "4"]
[White "Mayrhuber, Nikola"]
[Black "Peng, Jackie"]
[Result "1-0"]
[BlackTitle "WIM"]
[WhiteElo "1765"]
[BlackElo "1982"]
[WhiteTeam "Austria"]
[BlackTeam "Canada 2"]
[WhiteFideId "1637819"]
[BlackFideId "2609819"]
[EventDate "2014.12.13"]
[EventType "team"]

1. d4 Nf6 2. Nf3 g6 3. c4 Bg7 4. e3 O-O 5. Be2 c5 6. O-O cxd4 7. exd4 d5 8. Nc3
Nc6 9. Be3 b6 10. Ne5 Bb7 11. f4 dxc4 12. Bxc4 Nb4 13. f5 Nbd5 14. Bd2 gxf5 15.
Rxf5 e6 16. Rg5 Nxc3 17. bxc3 Kh8 18. Bd3 Qe7 19. Qe1 Rg8 20. Qh4 Qf8 21. Bxh7
Nxh7 22. Rh5 Bh6 23. Rxh6 Rxg2+ 24. Kf1 Qg7 25. Bg5 Rxg5 26. Rxh7+ Qxh7 27.
Nxf7+ Kg7 28. Qxh7+ Kxh7 29. Nxg5+ Kg6 30. Nxe6 Rh8 31. Kg1 Kf5 32. Nc7 Rg8+ 33.
Kf2 Rg2+ 34. Ke3 Rxh2 35. Rf1+ Kg6 36. Rf2 Rh3+ 37. Kd2 a6 38. Ne6 Rh4 39. Nf8+
Kg7 40. Nd7 Rh6 41. Ne5 b5 42. Rf7+ Kg8 43. Rxb7 Rh2+ 44. Kd3 Rxa2 45. Nc6 Kf8
46. Ra7 Ke8 47. Nb4 Ra1 48. Rxa6 1-0